Представление документа в формате RUSMARC

ПолеНазваниеЗначение
  Тип записи a
  Библиографический уровень m
001 Контрольный номер 97487d3560194a399459ee78b9528f37
005 Дата корректировки 20230707133310.4
010 Индекс ISBN __
a ISBN 978-5-17-106014-5
d Цена 200-70
100 Данные общей обработки __
a Данные общей обработки 20200324d2019####m##y0rusy50######ca
101 Язык документа 0_
a Язык текста rus
102 Страна публикации __
a Страна публикации RU
200 Заглавие и сведения об ответственности 1_
a Заглавие Сестра! Сестра?
e Сведения, относящиеся к заглавию роман
f Первые сведения об ответственности Сью Фортин
g Последующие сведения об ответственности перевод с английского Т. Борисовой
210 Выходные данные 1_
a Место издания Москва
c Издательство АСТ
d Дата издания 2019
215 Физическое описание __
a Объем 319 с.
225 Серия (Журнальная рубрика) 2_
a Серия (Журнальная рубрика) Психологический триллер
300 Общие примечания __
a Общие примечания На обл.: Детектив: новый уровень
333 Примечание о целевом назначении __
a Примечание о целевом назначении 16+
606 Тематические рубрики __
a Основная рубрика Художественная литература
606 Тематические рубрики __
a Основная рубрика Литература Европы (произведения)
610 Ключевые слова 0_
a Ключевые слова английская литература
a Ключевые слова романы
a Ключевые слова детективы
686 Индексы других классификаций __
a Индекс ББК 84(4Вел)6-4
700 Автор _1
a Фамилия Фортин
b Имя С.
g Полное личное имя Сью
702 Вторичная интеллектуальная ответственность _1
a Фамилия Борисова
b Имя Т.
801 Источник записи _0
a Страна RU
b Организация Центральная районная библиотека им. Г. А. Пирожникова
c Дата составления 2020.03.24
g Правила каталогизации bzbo
801 Источник записи _1
a Страна RU
b Организация Центральная районная библиотека им. Г. А. Пирожникова
c Дата составления 2020.03.24
g Правила каталогизации PSBO
852 Данные о местонахождении __
j Шифр хранения 84(4Вел)6
i Авторский знак Ф 802
901 Тип документа __
t Тип документа m
902 Роль лиц __
a Создатель БЗ ОКиО/Шумских